000 00642nam a2200181Ia 4500
008 100921s9999 xx 000 0 und d
082 _b22819
_a891.463 थ 89
100 _aकुलकर्णी विवेक.
245 _aबिग बॉस.
260 _bमहाराष्ट्र प्रकाशन गृह, कोल्हापूर.
_c1989
300 _a107
_bसावंत बुक एजन्सी
365 _b25
520 _aललित-कादंबरी.
630 _aबिग बॉस.
650 _aललित-कादंबरी.
730 _aबिग बॉस.
942 _cBOOK
999 _c771932
_d771929